000 00414nam a2200169Ia 4500
005 20250423095605.0
008 250422s9999 xx 000 0 und d
020 _a0- 8128- 2513- 6
050 _aHQ1090.K56
100 _aFlorence King
245 0 _aHe: an irreverent look at the American male
260 _bStein and day
260 _c1978
300 _a204 p
650 _aMen- United states
942 _cBK
999 _c30735
_d30735